Normal view
MARC view
Entry Término temático
001 - NÚMERO DE CONTROL
- campo de control: 3649
003 - IDENTIFICADOR DEL NÚMERO DE CONTROL
- campo de control: FranzMayer
005 - FECHA Y HORA DE LA ÚLTIMA TRANSACCIÓN
- campo de control: 20190320203301.0
008 - DATOS DE LONGITUD FIJA
- campo de control de longitud fija: 190320|| aca||aabn | a|a d
040 ## - FUENTE DE LA CATALOGACIÓN
- Centro catalogador/agencia de origen: FranzMayer
- Centro/agencia transcriptor: FranzMayer
150 ## - ENCABEZAMIENTO--TÉRMINO DE MATERIA
- Término de materia o nombre geográfico como elemento de entrada: Ebanistería
- Subdivisión de forma: Catálogos
- Subdivisión general: Historia
- Subdivisión cronológica: Siglo XVII
- Subdivisión geográfica: Europa occidental
670 ## - FUENTE DE DATOS ENCONTRADOS
- Cita de la fuente: Work cat.: (FranzMayer): Baarsen, Reinier 3646, 17th-Century Cabinets